[Event "Koshnitsky mem corr"]
[Site "Australia"]
[Date "2002.06.30"]
[Round "?"]
[White "Benson, Gary S"]
[Black "Fitzpatrick, Simon P"]
[Result "1-0"]
[WhiteElo "2348"]
[BlackElo "2354"]
[PlyCount "59"]
[EventDate "2002.06.30"]
[EventType "tourn (corr)"]
[EventRounds "14"]
[EventCountry "AUS"]
[EventCategory "8"]
[SourceTitle "Corr 2004"]
[Source "ChessBase"]
[SourceDate "2003.04.28"]
[SourceVersion "3"]
[SourceVersionDate "2003.04.28"]
[SourceQuality "1"]

1. e4 Nf6 2. e5 Nd5 3. d4 d6 4. Nf3 dxe5 5. Nxe5 c6 6. Bd3 Nd7 7. Nxd7 Bxd7 8. 0-0 g6 9. Re1 Bg7 10. c3 0-0 11. Nd2 Qc7 12. Nf3 Rae8 13. h3 Nf4 14. Bc4 b5 15. Bb3 Bf5 16. Ne5 Nd5 17. a4 a6 18. axb5 axb5 19. Bxd5 cxd5 20. Qb3 Qb7 21. Ra5 Rb8 22. Bf4 b4 23. Qxd5 Qxd5 24. Rxd5 bxc3 25. bxc3 Rbc8 26. Re3 Rfe8 27. g4 Be6 28. Ra5 Bb3 29. Nd7 Be6 30. Nb6 1-0

[Event "Koshnitsky mem corr"]
[Site "Australia"]
[Date "2002.06.30"]
[Round "?"]
[White "Benson, Gary S"]
[Black "Tait, Jonathan A"]
[Result "1-0"]
[WhiteElo "2348"]
[BlackElo "2420"]
[PlyCount "95"]
[EventDate "2002.06.30"]
[EventType "tourn (corr)"]
[EventRounds "14"]
[EventCountry "AUS"]
[EventCategory "8"]
[SourceTitle "Corr 2004"]
[Source "ChessBase"]
[SourceDate "2003.04.28"]
[SourceVersion "3"]
[SourceVersionDate "2003.04.28"]
[SourceQuality "1"]

1. e4 e5 2. Nf3 Nc6 3. d4 exd4 4. Nxd4 Nf6 5. Nxc6 bxc6 6. e5 Qe7 7. Qe2 Nd5 8. c4 Nb6 9. Nd2 d5 10. exd6 cxd6 11. b3 Bg4 12. f3 Be6 13. Bb2 d5 14. cxd5 Nxd5 15. Rc1 Rd8 16. a3 Nf4 17. Qe5 Bd5 18. b4 Qxe5+ 19. Bxe5 Ne6 20. Nc4 Be7 21. Kf2 c5 22. Ne3 cxb4 23. Bb5+ Kf8 24. Rhd1 f6 25. Rxd5 fxe5 26. axb4 Bxb4 27. Rc6 Rxd5 28. Nxd5 Nd8 29. Nxb4 Nxc6 30. Nxc6 Kf7 31. Nxa7 Rd8 32. Bc4+ Kf6 33. Nb5 Rd2+ 34. Kg3 Rb2 35. Nc3 g6 36. Nd1 Rc2 37. Ne3 Rc1 38. Ng4+ Kf5 39. Bd3+ Ke6 40. Kh4 h5 41. Nf2 Rg1 42. Kg3 Kf6 43. Ne4+ Ke7 44. Ng5 h4+ 45. Kh3 Rh1 46. Ne4 Rd1 47. Nc5 Rc1 48. Na4 1-0

[Event "AUS-ch24 corr"]
[Site "Australia"]
[Date "2001.01.31"]
[Round "?"]
[White "Barnett, J Clive"]
[Black "Benson, Gary S"]
[Result "1-0"]
[WhiteElo "2440"]
[BlackElo "2290"]
[PlyCount "111"]
[EventDate "2001.??.??"]
[EventType "tourn (corr)"]
[EventRounds "14"]
[EventCountry "AUS"]
[SourceTitle "Corr 2004"]
[Source "ChessBase"]
[SourceDate "2003.04.28"]
[SourceVersion "3"]
[SourceVersionDate "2003.04.28"]
[SourceQuality "1"]

1. e4 c5 2. Nf3 d6 3. d4 cxd4 4. Nxd4 Nf6 5. Nc3 g6 6. Be3 Bg7 7. f3 0-0 8. Qd2 Nc6 9. 0-0-0 d5 10. Kb1 Nxd4 11. e5 Nxf3 12. gxf3 Nh5 13. Nxd5 Be6 14. Bc4 Bxe5 15. Qb4 Bxd5 16. Bxd5 Qc7 17. Qxb7 Qxb7 18. Bxb7 Rab8 19. Rd5 Bf4 20. Bxf4 Nxf4 21. Rd7 Rfd8 22. Rhd1 Ne6 23. Ba6 Rxd7 24. Rxd7 Rd8 25. Rxd8+ Nxd8 26. c4 e5 27. c5 Kf8 28. Kc2 Ne6 29. b4 Ke7 30. Kd3 f5 31. Bc4 Kd7 32. Bxe6+ Kxe6 33. Kc4 g5 34. b5 h5 35. a4 g4 36. fxg4 hxg4 37. a5 f4 38. b6 axb6 39. a6 g3 40. hxg3 fxg3 41. a7 g2 42. a8Q b5+ 43. Kxb5 g1Q 44. Qe8+ Kf6 45. Qf8+ Ke6 46. Qd6+ Kf5 47. c6 Qf1+ 48. Kb6 Qb1+ 49. Kc7 Qb3 50. Qc5 Kf4 51. Qf2+ Ke4 52. Qf6 Ke3 53. Qxe5+ Kf2 54. Qd4+ Ke1 55. Kd6 Qa3+ 56. Kd7 1-0